000 00513nam a22001817a 4500
008 230420b |||||||| |||| 00| 0 eng d
020 _a0-470-77980-2
040 _aNational Science Library
_cNational Science Library
080 _a66.76
_bL2
100 _aShaw, Kenneth
_97043
245 _aRefractories and their uses
260 _aNew York:
_bJohn Wiley & Sons, Inc.,
_c1972
300 _axii, 269p.
650 _aChemical technology
653 _aCarbon
653 _aGraphite
942 _2udc
_cREF
999 _c21833
_d21833